Answers Contain "Dutch" - Statistics

General Stats
  • This quiz has been taken 12 times
  • The average score is 6 of 16
Answer Stats
Clue Answer % Correct
Big, thick-walled metal cooking pot Dutch oven
91%
Term for the Asian colonies the company had control over Dutch East Indies
73%
Legendary ghost ship that was doomed to sail the seas forever Flying Dutchman
73%
Game with two jump ropes going in opposite directions Double Dutch
64%
Aruba, Curaçao, Sint Maarten... Dutch Caribbean
55%
Sales process where, unlike in its more popular form, the seller begins with a high price and keeps lowering it until someone is willing to buy Dutch auction
45%
Dutch company that once had a monopoly over the world's the spice trade Dutch East India Company
45%
Ethnic group that emigrated from Germany to the Eastern US that speak a language with the same name Pennsylvania Dutch
45%
Type of pancake typically cooked in oven in a cast iron pan Dutch baby
36%
Nation that was a predecessor to the modern country of the Netherlands Dutch Republic
36%
Filming technique where the camera is rotated to show vertical lines not parallel to the bottom frame Dutch angle
18%
Move where an aircraft rocks from one side to the other Dutch roll
18%
2024 Charli xcx song Von dutch
18%
Name of an aggressive chess opening Dutch Defence
9%
Name for a darker, less bitter cocoa powder Dutch process
9%
Main character of the Predator movie, played by Arnold Schwarzenegger Dutch Schaefer
9%
No matching quizzes found
Score Distribution
Percent of People with Each Score
Percentile by Number Answered
Your Score History
You have not taken this quiz